000 00935nas a2200289 4500
001 BR2014007068
003 BR-BrBNA
005 20231205124728.0
007 ta
008 230509b bl.|||p| |||| 00| 00por d
040 _aBR-BrBNA
_bpor
_cBiblioteca Nacional de Agricultura
041 _a(Pt)
072 _aF06; Q70; P33
100 1 _aCerqueira, L.L.
100 1 _aFadigas, F. de S.
100 1 _aPereira, F.A.
100 1 _aGloaguen, T.V.
100 1 _aCosta, J.A.
245 1 _aDesenvolvimento de Heliconia psittacorum e Gladiolus hortulanus irrigados com águas residuárias tratadas
650 _aÁGUAS RESIDUAIS
650 _aGLADÍOLO
650 _aPLANTA ORNAMENTAL
650 _aPOROSIDADE
773 0 _tRevista Brasileira de Engenharia Agrícola e Ambiental (Brazil)
_xISSN 1415-4366
_g(Nov-Dec 2008), V. 12(6) p. 606-613
_wBR2014007068
909 _a202311
_bLúcia
_c55
_dLúcia Elande
942 _2AGRIS
_n0
_cANA
999 _c240602
_d240602